Úvod do intonácie na podklade tonálnom cvičebnica spevu pre školy stredné a ústavy učiteľské : (pre druhú triedu škôl stredných a druhý ročník ústavov učiteľských Diel II.

Bibliographic Details
Main Author: Hula, Emil, 1883-1942 (Author)
Format: Book
Language:Slovak
Published: Praha Prešov Čsl. Graf. Unia 1934
Subjects:

MARC

LEADER 00000cam a2200000 a 4500
001 vtls010475730
003 SK-MaSNL
005 20260301174120.0
008 180812s1934 xo g frp 000 0 slo
015 |a SNBA1934 
020 |q (brožované) 
040 |a SNK  |b slo  |c SNK  |e AACR2 
041 0 |a slo 
044 |a xo  |c SK  |a xr  |c CZ 
072 7 |a 784  |x Vokálna hudba  |2 konspekt 
080 |a 784.9  |2 2011 
080 |a 78.089  |2 2011 
080 |a (075)  |2 2011 
100 1 |a Hula, Emil,  |d 1883-1942  |4 aut  |9 203064 
245 1 0 |a Úvod do intonácie na podklade tonálnom  |n Diel II.  |b cvičebnica spevu pre školy stredné a ústavy učiteľské : (pre druhú triedu škôl stredných a druhý ročník ústavov učiteľských  |c napísal Emil Hula 
260 |a Praha  |a Prešov  |b Čsl. Graf. Unia  |c 1934  |e Bratislava  |f Bratia Mandlovci 
300 |a 79 s.  |b noty  |c 22 cm 
650 0 7 |a intonácia  |2 SNKPH  |9 3418 
650 0 7 |a spev  |2 SNKPH  |9 3420 
650 0 7 |a hudobniny  |2 SNKPH  |9 987 
655 7 |a učebnice  |2 SNKPH  |9 22521 
852 |a Slovenská národná knižnica 
954 |a odborná, vedecká literatúra pôvodná (slovenská)  |2 lita 
958 |a OND 
958 |a SK 
958 |a CZ 
999 |c 838721  |d 840651 
952 |a SNK  |b SNK  |y PREZ  |7 0  |p 17A0720950  |o snkSC 1982/2  |i snk1883/36  |0 0  |1 0  |4 0  |d 2018-03-07  |l 0  |r 2025-06-11 00:00:00  |w 2026-02-24